00324nam a2200121 a 450000500170000000800410001702000180005805000220007610000190009824500440011726000320016130000090019320140412111223.0100122s19uu xx 00 eng d a0-439-65567-6 aTR(PS EbAn2 1997 aAndreae, Giles aLeo, The lovable lion /cGiles Andreae. aU.S.A :bScholastic,c1997. aunp.